000 01266nam a22003017a 4500
999 _c65922
_d65922
005 20240530110850.0
008 200912s2020 ua a f b 000 0dara d
017 _a2020/3166 (ج 2 )
_bمصر. دار الكتب
017 _a2020/3165 (ج 1 )
_bمصر. دار الكتب
020 _a9789777802130 (ج 2 )
020 _a9789777802123 (ج 1 )
040 _aEG-CaGPL
_cEG-CaGPL
082 0 4 _221
_a415\
_bم ج
100 0 _aمصطفى يوسف
245 1 0 _aجهود مجمع اللغة العربية بالقاهرة فى التصويب اللغوى /
_cمصطفى يوسف .
_nالقسم الاول :
_bالصرف والنحو .
_nالقسم الثانى :
_pالمعجم والدلالة .
250 _aط.1
260 _aالقاهرة :
_bعالم الكتب،
_c2020
300 _a2 جزء ؛
_c24 سم.
504 _aيشتمل على ارجاعات ببليوجرافية
650 0 7 _aمجمع اللغة العربية
_2qrmak
650 0 7 _aاللغة العربية
_xنحو
650 0 7 _aاللغة العربية
_xالصرف
650 0 7 _aاللغة العربية
_xالالفاظ
_2qrmak
650 0 7 _aالمعاجم العربية
_2qrmak
651 _2qrmak
942 _2ddc
_cBK